000 00861nam a2200265 a 4500
003 AR-BaBNM
005 20251128205050.0
008 082120s2002 ||||||||||||||000 | spa||
040 _cAR-BaBNM
110 2 _aInstituto Nacional Sanmartiniano [Argentina]
245 0 0 _aDocumentos para la historia del Libertador general San Martín
_bnoviembre de 1819 - febrero de 1820 : primera serie. 15
260 _aBuenos Aires
_bMinisterio de Cultura y Educación de la Nación
_bInstituto Nacional Sanmartiniano
_c1979
300 _a208 p.
_bil.
500 _aContiene tablas desplegables
600 1 4 _aSan Martín, José de
650 4 _aHISTORIA
650 4 _aGUERRAS DE LA INDEPENDENCIA
650 4 _aEJERCITO DE LOS ANDES
650 4 _aHISTORIA MILITAR
651 4 _aPerú
651 4 _aChile
651 4 _aArgentina
942 _cBK
998 _cEnrique
999 _c9838
_d9838